MARC

LEADER 00000nam0a2200000 4500
001 99239
005 20231101214233.0
020 |a RU  |b 80-89093 
035 |a (RuTPU)RU\TPU\book\106465 
090 |a 99239 
100 |a 20060629d1980 km y0rusy5003 ca 
101 0 |a rus 
102 |a RU 
105 |a y z 100zy 
200 1 |a Вторая Всесоюзная конференция по автоматизации анализа химического состава вещества, Москва, 22-24 дек. 1980 г.  |e тезисы докладов  |f Академия наук СССР (АН СССР); Институт геохимии и аналитической химии 
210 |a Москва  |c Наука  |d 1980 
215 |a 127 с.  |d 21 см. 
606 1 |a Химический анализ  |x Автоматизация  |2 stltpush  |3 (RuTPU)RU\TPU\subj\17330  |9 43025 
610 1 |a химические вещества 
610 1 |a состав 
610 1 |a рентгеноспектральный анализ 
610 1 |a масс-спектральный анализ 
610 1 |a электрохимический анализ 
610 1 |a хроматографический анализ 
610 1 |a конференции 
675 |a 543(063)  |z rus 
712 0 2 |a Академия наук СССР  |b Институт геохимии и аналитической химии (АН СССР ГЕОХИ)  |c (Москва)  |2 stltpush  |3 (RuTPU)RU\TPU\col\11383 
712 1 2 |a Вторая всесоюзная конференция по автоматизации анализа химическоно состава вещества  |b Всесоюзная конференция  |d вторая  |e Москва  |f 1980 
801 0 |a RU  |b RuMRKP  |c 19950704  |g psbo 
801 1 |a RU  |b 63413507  |c 20060629  |g PSBO 
801 2 |a RU  |b 63413507  |c 20151201  |g PSBO 
942 |c BK